LEADER 01623nam a2200337 u 4500 001 000000011645 003 CaOOAMICUS 005 20070226105440.0 008 941010c19931990it u000 u ita u 020 $a8810407881 035 $a10285421 040 $aPUL(R)$bita 245 02$aL'intolleranza cristiana nei confronti dei pagani /$ca cura di Pier Franco Beatrice. 260 $aBologna :$bEdizioni Dehoniane,$c1993. 300 $a210 p. ;$c22 cm 490 1 $aCollana di studi religiosi 500 $aComprende indici e note bibliografiche. 650 0$aChristianity and other religions$xRoman.$2//eng$0(OLS)http://pul/subject/8835 650 0$aChristianity and other religions$xGreek.$2//eng$0(OLS)http://pul/subject/8247 650 0$aPaganism.$2//eng$0(OLS)http://pul/subject/1081 650 0$aToleration.$2//eng$0(OLS)http://pul/subject/8836 700 1 $aBeatrice, Pier Franco,$d1948-$0(OLS)http://pul/name/2956 830 0$aCollana di studi religiosi (Ed. Dehoniane).$0(OLS)http://pul/title/2812 850 $aPUL 852 $aPUL$W1$xDP1 Altre Collocazioni$y17$mSenza collocazione$j12$nBK-PRI$b $qStampati$B16448$CPULBib$Z2$F16448 $H $81 852 $aPUL$W1$xSL Religione 1$y3$m75 P 14$j16449$nBK-PRI$b $qStampati$B16449$CPULBib$Z2$F16449 $H $81 941 1 $a8 961 $aINV: 69862 996 $6020$a8810407881$9(OLS)http://pul/number/14877 996 $6245$aL'intolleranza cristiana nei confronti dei pagani$9(OLS)http://pul/title/16863 996 $6260$aBologna :$bEdizioni Dehoniane$9(OLS)http://pul/publisher/48070 LEADER 02246nam a2200493 a 4500 001 000000167612 003 CaOOAMICUS 005 20180514092401.0 008 180514s2017 it h u000 u ita r 020 $a978-88-6898-075-7* 032 $aLibriCat 040 $aPUL$bita 041 1 $aita$ager$hger 082 04$a284.1 100 1 $aLuther, Martin,$d1483-1546.$0(OLS)http://pul/name/1508 240 10$aVon Ehesachen.$lItaliano e tedesco.$0(OLS)http://pul/title/207703 245 10$aDa monaco a marito :$bdue scritti sul matrimonio. La vita matrimoniale (1522). Questioni matrimoniali (1530) /$cMartin Lutero ; a cura di Paolo Ricca ; traduzione di Giuliana Gandolfo. 246 33$aQuestioni matrimoniali 246 33$aLa vita matrimoniale 260 $aTorino :$bClaudiana,$cİ2017. 300 $a284 p. :$bfacsim. ;$c21 cm. 490 1 $aOpere scelte ;$v16 500 $aInclude indici. 504 $aBibliografia in nota. 546 $aTesto tedesco a fronte. 700 1 $aRicca, Paolo.$0(OLS)http://pul/name/25701 700 1 $aGandolfo, Giuliana.$0(OLS)http://pul/name/10716 800 1 $aLuther, Martin,$d1483-1546.$tOpere ;$v16.$0(OLS)http://pul/nameTitle/573$0(OLS)http://pul/name/1508$0(OLS)http://pul/title/5258 850 $aPUL 852 $aPUL$W1$xSL Religione 3$y85$m284. 1 LUTMA 1.16$j191406$qDDC 21$B195251$CPULBib$Z2$F195251 $H130728 $81 900 $aLuter, Martin,$d1483-1546$91508 900 $aMartin Lutero,$d1483-1546$91508 900 $aLutero, Martino,$d1483-1546$91508 900 $aLuter, Martin,$d1483-1546$91508 900 $aMartin Lutero,$d1483-1546$91508 900 $aLutero, Martino,$d1483-1546$91508 941 1 $a9 996 $6020$a978-88-6898-075-7*$9(OLS)http://pul/number/163994 996 $6082$a284.1$9(OLS)http://pul/classification/2568 996 $6246$aQuestioni matrimoniali$9(OLS)http://pul/title/207706 996 $6246$aLa vita matrimoniale$9(OLS)http://pul/title/207705 996 $6245$aDa monaco a marito :$bdue scritti sul matrimonio. La vita matrimoniale (1522). Questioni matrimoniali (1530)$9(OLS)http://pul/title/207704 996 $6260$aTorino :$bClaudiana$9(OLS)http://pul/publisher/48072